đź“– 150 premiers mots "Nickel Blues" Monfils - Statistiques

Statistiques générales
  • Ce quiz a Ă©tĂ© pris 13 fois
  • Le rĂ©sultat moyen est 95 sur 150
Statistiques - réponses
Mots % Correct
a
100%
Ă 
100%
- Bah,
100%
- Ben
100%
c'
100%
C'
100%
dans
100%
de
100%
des
100%
du
100%
elle
100%
en
100%
es
100%
est
100%
est...
100%
et
100%
il
100%
il ...
100%
l'
100%
le
100%
les
100%
Ma
100%
mais
100%
- Mmouais...
100%
ou
100%
pas
100%
Pouah !
100%
Ralph
100%
s'
100%
son
100%
Son
100%
- T'
100%
t-
100%
t'
100%
T'
100%
Tony.
100%
- Y
100%
y
100%
avait
89%
Ça
89%
ça.
89%
était
89%
la
89%
La
89%
petit
89%
plus
89%
qu'
89%
que
89%
se
89%
as
78%
pue !
78%
quoi,
78%
quoi ?
78%
si
78%
tes
78%
un
78%
Un
78%
une
78%
- Avec
67%
cette
67%
comme
67%
frère
67%
non ?
67%
- Non,
67%
pour
67%
vu
67%
ĂŞtre
56%
ici ?
56%
mère
56%
parole,
56%
peut-
56%
toi,
56%
va
56%
faire
44%
mieux
44%
bordel
33%
voit
33%
approchant
22%
attaque
22%
feu !
22%
oeil
22%
près.
22%
truc
22%
vit
22%
bouche.
11%
canapé,
11%
côté
11%
dégueulé
11%
frangin
11%
godasses !
11%
goût
11%
mec,
11%
ouvrit
11%
pompes ?
11%
tournant
11%
- Allez,
0%
bigleux
0%
continuer
0%
crypté.
0%
demain.
0%
entends ?
0%
gonflait.
0%
gonzesse
0%
insista
0%
lessive
0%
Maniaque
0%
maugréa
0%
mur
0%
oignons,
0%
pâteux.
0%
péniblement
0%
précisa-
0%
rappliquent
0%
remue-
0%
roupiller
0%
sale
0%
sauce
0%
silhouette
0%
spaghettis
0%
tomate
0%
tranquille.
0%
vieux
0%
Aucun quiz correspondant
Distribution des résultats
% des personnes avec chaque résultat
Percentile par nombre de réponses
Votre historique - résultats
Vous n’avez pas pris ce quiz